Zgadnij piosenke po tekście polski rap - Statystyki

Ogólne statystyki
  • Ten quiz został rozwiązany 447 razy
  • Średni wynik to 6 z 15
Statystyki odpowiedzi
Hint Odpowiedź % Poprawnych
Kto zapłaci jak za studia, jak za ciuchy Wiesz o co chodzi, dwa tysiące za buty Chodzę tak jakbym miał skrzydła na sobie Rozumiem wasz ból, bo też byłem na dole I to co zrozumiałem, trzeba pracować ciągle Bo sukces w żaden sposób nigdy nie istniał w szkole bestia
75%
czterech typów, dwie gazówki i gaz tylko po to by spokojnie iść spać są na świecie ludzie którzy chcą mnie zabić jeśli przyjdą bracie celuj im w twarz 1998
68%
Panie myślą że zabijam A ja na chacie chodzę w klapkach różowych Gram se w Crasha wkurzony Wiem że na to nie wygląda Ale kocham małe kundle Czasami mogą mylić pozory Pachnę przecież pięknym perfumem Trochę elegant taki Fleksuję się pięknym garniturem bandyta
65%
Pytania nagrania wywiady jak to jest że kiedyś nie miałeś Układy zasady porady to dlaczego mnie kiedyś sprzedałeś Wiem że świat ma wady i wszystko byśmy zapomnieli Więc ubieramy się u Prady budzimy w egipskiej pościeli disney
60%
Jest nas dwóch, jak jem, to jemy we dwóch Nigdy nie przytyję, chociaż jem dwa razy tyle I tyle piłem jak straciłem dziewczynę anyżowe żelki
54%
Podjeżdżam na blok w nowej furze jakoś rok już nie jeżdżę autobusem bo już nie muszę Nie wiem ile kosztuje Twój koks piję sobie sok w nowej furze nie wiem bo już nie muszę Ale szanuję tych co tak jak ja nic nie mieli to moi ludzie gustaw
51%
pozdro wszystkim ziomalom, dzięki za wsparcie wygi szczepano z fartem, nich żyje gombao na zawsze i ty też adamo, czyli u naszego wozu tu koło czwarte, ło brum brum 100 dni do matury
47%
I choć dla wielu to szok i ból I wszyscy wokół marzą o tym żeby nie wyszło Już czułem ten mrok i chłód I co by się nie działo zawsze musiałem wybrnąć I nawet jak los to wróg I nieraz nawet w najgorętszych miejscach jest zimno zorza
45%
W tym pokoleniu, na umowie zleceniu Nie gada się o przyszłości i ZUS ie, ubezpieczeniu Ci ludzie nie chcą gadać o wpłatach na lokatach premium I polityce tych pozycji raczej nie mamy w menu Ale, ale, idę na balet i żyję wspaniale 6 zer
32%
Nie jestem dobry w sztywnych gadkach Może dlatego, że wszystko musiałem sam brać Nienawidzę urodzin, bo nie chcę dorastać Nie chcę prezentów od ludzi Lepiej se kup za to buty, albo nie wiem weź coś do żarcia (Uuu) Żadnych nowych kumpli pałac
28%
Jest zegar, musi być towar Pieniądz się robi na schodach Gdzie jest do sukcesu droga? Ciężko ją znaleźć na blokach Ten sam horyzont a inny dzień Jedyne myśli to wyrwać się nad ranem
25%
Zamiast całować mnie w dłonie dziękować od serca To próbują ściągnąć do dna Opluć i kraść Pytam się komu ufać Inny kaliber jestem inna liga Chcę tylko wolność dla braci z Berlina Nie rób fikołków zobaczysz Siga Żadne aikido to nie Steven Seagal Nie mam szacunku do debili Nie negocjuję z terrorystami pow
18%
Moje marzenie to Maybach, nie mówię do Ciebie babe Uważam, że to siara, ja w gówno nigdy nie wejdę Nie typ imprezowicza, raczej bardziej lay black I mam taki zwyczaj rzucać wersy na pętle ptak
12%
Twoje życie to internet tam się śmieciu czujesz cacy
Tu by kur*o przekopali Cię za śmianie z czyjejś pracy
Bo za błędy trzeba płacić a jak nie ma pengi kminić
Nie dostaniesz nic na tacy tutaj nic prócz kokainy
alarm
10%
Wpadłem w kanał ale nie sportowy a teraz cieszy mi się micha ziom Za drzwiami czeka na mnie hajs i sława robię stukupuku jak Michał Pol Mówię należy się mi mówią należy się mu Staje grubszy się twój beat gdy jest na nim moje crew Musi się oswoić z tym że postawię na swoim Znowu rozliczam Pita tak jak Angelina Jolie krowa
9%
Nie znaleziono quizów pasujących do podanych kryteriów
Rozkład punktacji
Procent ludzi z każdym wynikiem
Percentyl według liczby udzielonych odpowiedzi
Twoja historia wyników
Nie rozwiązałeś tego quizu